00538nam a2200157Ia 4500020001800000082002400018100001700042245007000059260004000129300001500169650003400184650003400218650003400252650005500286650003900341 a9788178311883 a303.440954123 SUB-S aSubodh Kumar 0aSocial, political processes and the economic development of Bihar aNew DelhibManak Publicationsc2009 axxvii, 280 aSocial planningvIndiavBihar aDemocratizationvIndiavBihar aEconomic policyvIndiavBihar aEconomic developmentvSocial aspectsvIndiavBihar aBihar (India)vEconomic conditions